Central Library OPAC University of Rajshahi

Human intelligence : (Record no. 29808)

MARC details
000 -LEADER
fixed length control field 00804nam a22002537a 4500
001 - CONTROL NUMBER
control field 29808
003 - CONTROL NUMBER IDENTIFIER
rucl marc code BD-RjUL
005 - DATE AND TIME OF LATEST TRANSACTION
control field 20211209051450.0
008 - FIXED-LENGTH DATA ELEMENTS--GENERAL INFORMATION
fixed length control field 140407r19721968enka 001 0 eng d
020 ## - INTERNATIONAL STANDARD BOOK NUMBER
International Standard Book Number 0416112706
035 ## - SYSTEM CONTROL NUMBER
System control number (BD-RjUL)29893
040 ## - CATALOGING SOURCE
Original cataloging agency BD-RjUL
Language of cataloging eng
Transcribing agency BD-RjUL
041 ## - LANGUAGE CODE
Language code of text/sound track or separate title eng
082 ## - DEWEY DECIMAL CLASSIFICATION NUMBER
Classification number 151
Author mark and year BUH 1972
100 1# - MAIN ENTRY--PERSONAL NAME
Personal name Butcher, H. J.
Fuller form of name (Harold John )
9 (RLIN) 90731
245 ## - TITLE STATEMENT
Title Human intelligence :
Remainder of title its nature and assessment /
Statement of responsibility, etc. Harold John Butcher
260 ## - PUBLICATION, DISTRIBUTION, ETC. (IMPRINT)
Place of publication, distribution, etc. London :
Name of publisher, distributor, etc. Methuen,
Date of publication, distribution, etc. c1968 [Reprinted 1972].
300 ## - PHYSICAL DESCRIPTION
Pagination 343 p. :
Illustrations ill. ;
Size 23 cm.
490 1# - SERIES STATEMENT
Series statement Methuen's manuals of modern psychology
500 ## - GENERAL NOTE
General note "Distributed in the U.S.A. by Barnes & Noble."
504 ## - BIBLIOGRAPHY, ETC. NOTE
Bibliography, etc Includes bibliographical references and indexes.
650 #0 - SUBJECT ADDED ENTRY--TOPICAL TERM
Topical term or geographic name as entry element Intellect
9 (RLIN) 395
942 ## - ADDED ENTRY ELEMENTS (KOHA)
Source of classification or shelving scheme Dewey Decimal Classification
Koha item type Books
Holdings
Lost status Source of classification or shelving scheme Damaged status Not for loan Collection code Permanent Location Current Location Shelving location Date acquired Source of acquisition Cost, normal purchase price Total Checkouts Full call number Date last seen Copy number Koha item type Date checked out
  Dewey Decimal Classification   Added to bundle Non-fiction Central Library, University of Rajshahi Central Library, University of Rajshahi Reading Room 04/07/1970 Book View 41.25   151 BUH 1968 07/04/2014 C-1 Books  
  Dewey Decimal Classification     Non-fiction Central Library, University of Rajshahi Central Library, University of Rajshahi   26/12/1975 Japan Foundation 3.30 1 151 BUH 1972 14/11/2015 C-6 Books 02/11/2015
  Dewey Decimal Classification     Non-fiction Central Library, University of Rajshahi Central Library, University of Rajshahi   12/02/1975 Gonathen 3.30   151 BUH 1972 09/04/2014 C-2 Books